[Event "ECC"]
[Site "Rethymnon"]
[Date "2003.09.30"]
[Round "3"]
[White "Naiditsch, Arkadij"]
[Black "Sakaev, Konstantin"]
[Result "1-0"]
[WhiteElo "2574"]
[BlackElo "2655"]
[PlyCount "115"]
[EventDate "2003.09.28"]
[Source "Roberto Alvarez"]
[SourceDate "2003.10.06"]

1. e4 e6 2. d4 d5 3. Nc3 Nf6 4. Bg5 Be7 5. e5 Nfd7 6. Bxe7 Qxe7 7. Qd2 a6 8. f4 Nb6 9. Nf3 Bd7 10. a4 Qb4 11. b3 Nc6 12. Nd1 Qxd2+ 13. Kxd2 f6 14. Ne3 O-O 15. c3 Be8 16. Bd3 Bh5 17. g4 Be8 18. exf6 Rxf6 19. a5 Nc8 20. f5 N8e7 21. Rhf1 Bd7 22. g5 Rff8 23. f6 gxf6 24. gxf6 Rxf6 25. Ng4 Rf4 26. Nfe5 Rxf1 27. Rxf1 Nxe5 28. Nxe5 Be8 29. Rf6 Kg7 30. Rxe6 Ng8 31. Nf3 Bf7 32. Re5 Re8 33. Rxe8 Bxe8 34. Ng5 h6 35. Ne6+ Kf6 36. Nxc7 Bc6 37. c4 dxc4 38. bxc4 Ne7 39. Kc3 Bf3 40. d5 Ke5 41. Kb4 Kd4 42. Bf1 Nf5 43. Bh3 Nd6 44. c5 Nf7 45. d6 Bc6 46. Bc8 Ke5 47. Ne6 Bd5 48. Ng7 Be4 49. d7 Nd8 50. Ne8 Bc6 51. Nd6 Ke6 52. Nxb7 Bxb7 53. Bxb7 Nxb7 54. c6 Nd8 55. Kc5 Nf7 56. Kb6 Kd6 57. d8=Q+ Nxd8 58. c7 1-0

[Event "Zt"]
[Site "Shandong (China)"]
[Date "2007.04.30"]
[Round "3"]
[White "Zhang Pengxiang (CHN)"]
[Black "Zhou Weiqi (CHN)"]
[Result "1-0"]
[WhiteElo "2657"]
[BlackElo "2469"]
[PlyCount "83"]
[EventDate "2007.??.??"]
[Source "www.chesslib.no"]
[SourceDate "2004.05.04"]

1. e4 e6 2. d4 d5 3. Nc3 Nf6 4. Bg5 Be7 5. e5 Nfd7 6. Bxe7 Qxe7 7. Qd2 a6 8. Nd1 c5 9. c3 Nc6 10. f4 f5 11. Nf3 b5 12. Ne3 Bb7 13. Bd3 cxd4 14. cxd4 Qb4 15. Rc1 O-O 16. Qxb4 Nxb4 17. Bb1 Rac8 18. Kd2 Rxc1 19. Rxc1 Rc8 20. Rg1 Nf8 21. g4 fxg4 22. Rxg4 Rc7 23. f5 exf5 24. Rg1 f4 25. Ng2 Ne6 26. Bf5 Bc8 27. a3 Ng5 28. Nxg5 Bxf5 29. axb4 Rc2+ 30. Ke1 h6 31. Nxf4 hxg5 32. Rxg5 Be4 33. e6 Kf8 34. Nxd5 Bxd5 35. Rxd5 Ke7 36. Rc5 Rxb2 37. d5 Rxb4 38. Rc7+ Ke8 39. Ke2 Rd4 40. Rd7 b4 41. Ke3 Rd1 42. Ke4 1-0

[Event "EU-ch 3rd"]
[Site "Batumi"]
[Date "2002.06.12"]
[Round "1"]
[White "Cheparinov, Ivan"]
[Black "Graf, Alexander"]
[Result "0-1"]
[WhiteElo "2457"]
[BlackElo "2623"]
[PlyCount "88"]
[EventDate "2002.06.12"]
[Source "ChessBase"]
[SourceDate "2002.09.20"]

1. e4 e6 2. d4 d5 3. Nc3 Nf6 4. Bg5 Be7 5. e5 Nfd7 6. Bxe7 Qxe7 7. Qd2 Nb6 8. f4 Bd7 9. Nf3 c5 10. O-O-O c4 11. g4 Na6 12. h4 Na4 13. Nxa4 Bxa4 14. Qa5 Bd7 15. Bh3 Nb4 16. a3 Nc6 17. Qd2 b5 18. f5 b4 19. Qg5 bxa3 20. Qxe7+ Nxe7 21. bxa3 exf5 22. gxf5 Bxf5 23. Bxf5 Nxf5 24. Kd2 Rb8 25. Rb1 Ke7 26. Rhf1 h5 27. a4 a5 28. Rb5 Rxb5 29. axb5 Rb8 30. Rb1 Rb6 31. c3 Kd7 32. Ng5 f6 33. Nf3 Kc7 34. Kc2 Kd7 35. Kd2 Ke6 36. Kc2 Ne3+ 37. Kd2 Ng4 38. exf6 gxf6 39. Re1+ Kf5 40. Rf1 Rxb5 41. Ng5+ Kg6 42. Ne6 a4 43. Nf4+ Kh6 44. Ra1 Ra5 0-1

[Event "Oakham"]
[Site "Oakham"]
[Date "1992.??.??"]
[Round "7"]
[White "Borriss, Martin"]
[Black "Ulibin, Mikhail"]
[Result "0-1"]
[WhiteElo "2395"]
[BlackElo "2585"]
[PlyCount "122"]
[EventDate "1992.03.??"]
[Source "ChessBase"]

1. e4 e6 2. d4 d5 3. Nc3 Nf6 4. Bg5 Be7 5. e5 Nfd7 6. Bxe7 Qxe7 7. Qd2 O-O 8. f4 c5 9. Nf3 Nc6 10. dxc5 Qxc5 11. O-O-O Nb6 12. Bd3 Bd7 13. Kb1 Rac8 14. h4 Na5 15. Nd4 Nac4 16. Bxc4 Nxc4 17. Qd3 Qb4 18. Nb3 a5 19. a3 Nxa3+ 20. bxa3 Qxc3 21. Qxc3 Rxc3 22. Rd3 Rc4 23. g3 b6 24. Nd4 Rfc8 25. Kb2 b5 26. Rhd1 b4 27. axb4 Rxb4+ 28. Rb3 Rcc4 29. Rxb4 Rxb4+ 30. Kc3 f6 31. Re1 Kf7 32. f5 Rc4+ 33. Kd3 exf5 34. e6+ Bxe6 35. Nxe6 Re4 36. Nd8+ Ke7 37. Ra1 Kxd8 38. Rxa5 Ke7 39. Rxd5 Ke6 40. Rd8 Rg4 41. Re8+ Kf7 42. Re3 f4 43. gxf4 Rxf4 44. Rh3 h5 45. c4 Ke6 46. Kc3 Kd6 47. Kb4 Kc6 48. Ra3 Rxh4 49. Ra6+ Kb7 50. Re6 Rg4 51. Kb5 Kc7 52. c5 h4 53. Re7+ Kd8 54. Ra7 h3 55. Kc6 h2 56. Ra8+ Ke7 57. Rh8 Rg2 58. Kc7 g5 59. c6 g4 60. Rh7+ Ke6 61. Kd8 g3 0-1

[Event "X Open"]
[Site "Dubai EAU"]
[Date "2008.04.08"]
[Round "3"]
[White "Frhat, A."]
[Black "Gleizerov, E."]
[Result "1/2-1/2"]
[WhiteElo "2393"]
[BlackElo "2556"]
[PlyCount "147"]
[EventDate "2008.04.07"]
[Source "www.chesslib.no"]
[SourceDate "2004.05.04"]

1. e4 e6 2. d4 d5 3. Nc3 Nf6 4. Bg5 Be7 5. e5 Nfd7 6. Bxe7 Qxe7 7. Qd2 O-O 8. f4 c5 9. Nf3 Nc6 10. dxc5 Nxc5 11. O-O-O a6 12. Ne2 f5 13. exf6 Qxf6 14. Qe3 Ne4 15. g3 Bd7 16. Ned4 e5 17. fxe5 Nxe5 18. Nxe5 Qxe5 19. Bg2 Rae8 20. Rhf1 h6 21. Rxf8+ Rxf8 22. Re1 Re8 23. Nf3 Qh5 24. Qd4 Kh8 25. b3 Bg4 26. Nh4 Bf5 27. Nxf5 Qxf5 28. Kb2 b5 29. h3 Qg6 30. g4 Qc6 31. h4 Rc8 32. Bxe4 dxe4 33. Re2 Re8 34. g5 hxg5 35. hxg5 Qe6 36. c3 Qf5 37. Qg1 Kg8 38. Qg3 a5 39. Rf2 Qe5 40. Qxe5 Rxe5 41. g6 Re6 42. Re2 Kf8 43. Kc2 Ke7 44. Kd2 Kf6 45. Rg2 Kf5 46. Ke3 Rd6 47. Rf2+ Ke5 48. Rf7 Rxg6 49. Re7+ Kd5 50. Rd7+ Kc6 51. Ra7 Kb6 52. Re7 Rg1 53. b4 axb4 54. cxb4 Kc6 55. Re5 Re1+ 56. Kd4 Rd1+ 57. Ke3 Rb1 58. a3 Ra1 59. Rc5+ Kb6 60. Kxe4 Rxa3 61. Rg5 Rc3 62. Kd5 Rd3+ 63. Ke5 Rd7 64. Rg6+ Kc7 65. Ra6 Kb7 66. Rg6 Kc8 67. Ra6 Re7+ 68. Kd5 Rf7 69. Ra5 g5 70. Kc6 Rf6+ 71. Kxb5 Rf5+ 72. Kc4 Rxa5 73. bxa5 g4 74. Kd3 1/2-1/2

[Event "Goodricke 13th op"]
[Site "Calcutta"]
[Date "2002.03.18"]
[Round "2"]
[White "Shetty, Rahul"]
[Black "Gleizerov, Evgeny"]
[Result "0-1"]
[WhiteElo "2335"]
[BlackElo "2587"]
[PlyCount "156"]
[EventDate "2002.03.17"]
[Source "ChessBase"]
[SourceDate "2002.03.21"]

1. e4 e6 2. d4 d5 3. Nc3 Nf6 4. Bg5 Be7 5. e5 Nfd7 6. Bxe7 Qxe7 7. Qd2 O-O 8. f4 c5 9. Nf3 Nc6 10. dxc5 f6 11. exf6 Qxf6 12. g3 Nxc5 13. O-O-O Rd8 14. Bb5 Bd7 15. Qe3 b6 16. Rhe1 Rac8 17. Kb1 Be8 18. Bxc6 Rxc6 19. Nd4 Rcd6 20. Qe5 Ne4 21. Qxf6 gxf6 22. Nxe6 Nxc3+ 23. bxc3 Rc8 24. Nd4 Bg6 25. f5 Bf7 26. Re7 a6 27. Kb2 Rcd8 28. a3 R8d7 29. Rde1 Kf8 30. Rxd7 Rxd7 31. Ne6+ Kg8 32. Re3 Re7 33. Kb3 Be8 34. c4 dxc4+ 35. Kxc4 Bb5+ 36. Kb4 Bd7 37. Kc4 Bb5+ 38. Kc3 Kf7 39. Kd2 Rd7+ 40. Ke1 Bc4 41. Nf4 b5 42. c3 a5 43. h3 a4 44. g4 Rd8 45. Ne2 Rh8 46. Ng3 Rd8 47. Ne4 Rd5 48. Nd2 Bd3 49. Nf3 Bb1 50. Ke2 h5 51. Nd2 Bc2 52. Rg3 Re5+ 53. Re3 Bd1+ 54. Kf2 hxg4 55. Rxe5 fxe5 56. hxg4 Bxg4 57. Ne4 Bxf5 58. Nd6+ Ke6 59. Nxb5 Kd5 60. Ke3 Kc5 61. Nc7 Kc4 62. Kd2 Kb3 63. Nb5 Bd7 64. Nd6 Be6 65. Nb5 Bc4 66. Nd6 Bf1 67. Nf7 Kxa3 68. Nxe5 Kb2 69. Nc6 a3 70. Nb4 Bc4 71. Kd1 Kxc3 72. Kc1 Bd3 73. Nc2 a2 74. Na1 Bc4 75. Nc2 Bd3 76. Na1 Be4 77. Nc2 Kb3 78. Na1+ Ka3 0-1

[Event "Open"]
[Site "Pune"]
[Date "2004.09.08"]
[Round "6"]
[White "Shetty, Rahul"]
[Black "Barua, Dibyendu"]
[Result "1-0"]
[WhiteElo "2370"]
[BlackElo "2532"]
[PlyCount "126"]
[EventDate "2004.09.03"]
[Source "Roberto Alvarez"]
[SourceDate "2004.09.21"]

1. e4 e6 2. d4 d5 3. Nc3 Nf6 4. Bg5 Be7 5. e5 Nfd7 6. Bxe7 Qxe7 7. Qd2 a6 8. f4 Nb6 9. Nf3 Bd7 10. b3 Qa3 11. Bd3 c5 12. dxc5 Qxc5 13. a3 h6 14. h4 a5 15. h5 Nc6 16. Nd1 Ne7 17. Qf2 Qxf2+ 18. Kxf2 a4 19. b4 O-O 20. Ne3 Rac8 21. g4 f6 22. Ke2 fxe5 23. fxe5 Rf4 24. Rhg1 d4 25. Nf1 Nbd5 26. N1h2 Rcf8 27. Rg3 Bc6 28. Kd2 Nb6 29. Rf1 Ned5 30. b5 Be8 31. Re1 Nc7 32. g5 Kh8 33. gxh6 gxh6 34. Reg1 Nbd5 35. Rg7 R4f7 36. R7g6 Rh7 37. Nh4 Nf4 38. Rf6 Rxf6 39. exf6 Nxd3 40. Ng6+ Kg8 41. cxd3 Nd5 42. Ng4 Bxb5 43. N6e5 Kf8 44. f7 Rg7 45. Rb1 Bc6 46. Nxc6 bxc6 47. Rb8+ Kxf7 48. Nxh6+ Kf6 49. Rh8 Ke5 50. Rg8 Rxg8 51. Nxg8 Nf6 52. h6 Nh7 53. Ne7 c5 54. Nc8 Kf5 55. Nb6 Kg6 56. Nxa4 Kxh6 57. Nxc5 e5 58. Nd7 Ng5 59. Nxe5 Ne6 60. Kc2 Kg5 61. Kb3 Kf4 62. Nc6 Ke3 63. Kc4 Nf4 1-0

[Event "USA"]
[Site "?"]
[Date "1991.??.??"]
[Round "?"]
[White "Rowley, R."]
[Black "Orlov, G."]
[Result "0-1"]
[WhiteElo "2380"]
[BlackElo "2500"]
[PlyCount "86"]
[EventDate "1991.??.??"]
[Source "ChessBase"]
[SourceDate "1991.10.01"]

1. e4 e6 2. d4 d5 3. Nc3 Nf6 4. Bg5 Be7 5. e5 Nfd7 6. Bxe7 Qxe7 7. Qd2 O-O 8. f4 c5 9. Nb5 cxd4 10. Nc7 Nc5 11. Nxa8 Ne4 12. Qa5 Qh4+ 13. g3 Nxg3 14. hxg3 Qxh1 15. Ne2 Nc6 16. Qa3 Qe4 17. O-O-O f6 18. Nc7 fxe5 19. Nb5 Qe3+ 20. Qxe3 dxe3 21. Bh3 g5 22. fxg5 Rf2 23. Bg4 Bd7 24. Nd6 e4 25. Nxe4 dxe4 26. Rxd7 Ne5 27. Rd8+ Kg7 28. Bh5 h6 29. gxh6+ Kxh6 30. Nf4 Nf3 31. Bxf3 exf3 32. Rh8+ Kg5 33. Nh3+ Kg4 34. Nxf2+ exf2 35. Rh1 Kxg3 36. Kd2 Kg2 37. Ke3 f1=Q 38. Rxf1 Kxf1 39. Kxf3 Ke1 40. Ke3 Kd1 41. Kd3 Kc1 42. b3 Kb2 43. a4 a5 0-1

[Event "FIDE-Wch k.o. (Women)"]
[Site "New Delhi"]
[Date "2000.12.01"]
[Round "2.2"]
[White "Kovalevskaya, Ekaterina"]
[Black "Zielinska, Marta"]
[Result "1-0"]
[WhiteElo "2475"]
[BlackElo "2376"]
[PlyCount "69"]
[EventDate "2000.11.27"]
[Source "ChessBase"]
[SourceDate "2001.01.11"]

1. e4 e6 2. d4 d5 3. Nc3 Nf6 4. Bg5 Be7 5. e5 Nfd7 6. Bxe7 Qxe7 7. Qd2 O-O 8. f4 c5 9. Nb5 Nc6 10. c3 a6 11. Nd6 f6 12. Nf3 cxd4 13. cxd4 fxe5 14. fxe5 Rxf3 15. gxf3 Qh4+ 16. Qf2 Qf4 17. Rd1 Ndxe5 18. dxe5 Qxe5+ 19. Ne4 dxe4 20. f4 Qa5+ 21. Qd2 Qc5 22. Bg2 Bd7 23. Qc3 Qe7 24. O-O Rc8 25. Bxe4 Be8 26. Rfe1 Qh4 27. Qg3 Qh5 28. Kh1 g6 29. f5 exf5 30. Bd5+ Kg7 31. Qc3+ Kh6 32. Rd3 Na7 33. Qa3 Bf7 34. Bxf7 Nb5 35. Qb4 1-0

[Event "Olimpiadi 2008 - open"]
[Site "Dresda GER"]
[Date "2008.11.21"]
[Round "8"]
[White "Rocha, S."]
[Black "Neubauer, M."]
[Result "1/2-1/2"]
[WhiteElo "2417"]
[BlackElo "2422"]
[PlyCount "116"]
[EventDate "2008.11.13"]
[Source "www.chesslib.no"]
[SourceDate "2004.05.04"]

1. e4 e6 2. d4 d5 3. Nc3 Nf6 4. Bg5 Be7 5. e5 Nfd7 6. Bxe7 Qxe7 7. Qd2 O-O 8. f4 c5 9. Nb5 Nc6 10. c3 a6 11. Nd6 f6 12. Nf3 cxd4 13. cxd4 g5 14. g3 fxe5 15. dxe5 Ndxe5 16. Nxe5 Qxd6 17. Nd3 Bd7 18. Bg2 gxf4 19. gxf4 Be8 20. O-O Bg6 21. Rae1 Rae8 22. Re3 Kh8 23. a3 Rg8 24. Kh1 Rg7 25. b4 Reg8 26. Rg3 Bf5 27. Qe3 Qf8 28. Ne5 Rxg3 29. hxg3 Nxe5 30. Qxe5+ Qg7 31. Bxd5 Qxe5 32. fxe5 Bh3 33. Bg2 Rxg3 34. Bxh3 Rxh3+ 35. Kg2 Rxa3 36. Rf7 a5 37. Rxb7 axb4 38. Rxb4 Ra5 39. Re4 Kg7 40. Kf3 Ra3+ 41. Kg4 Ra1 42. Rb4 Rg1+ 43. Kf4 h5 44. Rb6 Rg4+ 45. Kf3 Rg6 46. Kf4 Kh6 47. Ra6 h4 48. Ra8 Kh7 49. Ra3 Kh6 50. Ra8 Rg7 51. Rh8+ Rh7 52. Rg8 Rg7 53. Rh8+ Rh7 54. Rg8 h3 55. Kg3 Ra7 56. Kxh3 Ra5 57. Kg3 Rxe5 58. Kf4 Re1 1/2-1/2

[Event "Gausdal"]
[Site "?"]
[Date "1976.08.??"]
[Round "1"]
[White "Poulsson Eivind"]
[Black "Johannessen Svein"]
[Result "1/2-1/2"]
[WhiteElo "2415"]
[BlackElo "2420"]
[PlyCount "58"]
[EventDate "1976.??.??"]
[Source "www.chesslib.no"]
[SourceDate "2004.05.04"]

1. e4 e6 2. d4 d5 3. Nc3 Nf6 4. Bg5 Be7 5. e5 Nfd7 6. Bxe7 Qxe7 7. Qd2 a6 8. f4 b6 9. Nf3 Bb7 10. g3 c5 11. Bg2 Nc6 12. O-O O-O-O 13. Nd1 f5 14. exf6 gxf6 15. Ne3 f5 16. Rae1 Qg7 17. c3 Nf6 18. Ne5 Nxe5 19. fxe5 Nd7 20. c4 cxd4 21. Qxd4 Qxe5 22. Qxe5 Nxe5 23. cxd5 Nd3 24. Re2 f4 25. gxf4 exd5 26. Rd2 Nb4 27. a3 d4 28. Nf5 Bxg2 29. Kxg2 Nd5 1/2-1/2

[Event "Kotov Memorial"]
[Site "Tbilisi GEO"]
[Date "1985.??.??"]
[Round "?"]
[White "Lanc, Alois"]
[Black "Gurevich, Mikhail N"]
[Result "0-1"]
[WhiteElo "2385"]
[BlackElo "2435"]
[PlyCount "88"]
[EventDate "1985.??.??"]
[Source "www.chesslib.no"]
[SourceDate "2004.05.04"]

1. e4 e6 2. d4 d5 3. Nc3 Nf6 4. Bg5 Be7 5. e5 Nfd7 6. Bxe7 Qxe7 7. Qd2 O-O 8. f4 c5 9. Nf3 Nc6 10. dxc5 Qxc5 11. Bd3 f6 12. exf6 Nxf6 13. a3 a6 14. g3 Bd7 15. Rf1 b5 16. b4 Qa7 17. Qf2 d4 18. Ne2 Ng4 19. Qg1 Ne3 20. Rf2 a5 21. Qh1 axb4 22. Ng5 h6 23. Qe4 hxg5 24. Qh7+ Kf7 25. fxg5+ Nf5 26. Nf4 Ne5 27. Bxf5 exf5 28. g6+ Ke7 29. Qxg7+ Kd6 30. Rd1 Bc6 31. Qxa7 Rxa7 32. Rxd4+ Ke7 33. Re2 Be4 34. Rxb4 Rxa3 35. Rxb5 Ra1+ 36. Kd2 Kd6 37. Rb6+ Kd7 38. Rb5 Nc4+ 39. Kc3 Rc8 40. Rb4 Ra3+ 41. Kd4 Na5 42. Rb6 Ra4+ 43. c4 Nxc4 44. Re6 Ra1 0-1

[Event "White Nights, St Petersburg RUS"]
[Site "?"]
[Date "2001.??.??"]
[Round "3"]
[White "Kovalevskaya, E."]
[Black "Driamin, D."]
[Result "1/2-1/2"]
[WhiteElo "2505"]
[BlackElo "2305"]
[PlyCount "138"]
[EventDate "2001.??.??"]
[Source "www.chesslib.no"]
[SourceDate "2004.05.04"]

1. e4 e6 2. d4 d5 3. Nc3 Nf6 4. Bg5 Be7 5. e5 Nfd7 6. Bxe7 Qxe7 7. Qd2 O-O 8. f4 c5 9. dxc5 Nc6 10. Nf3 f6 11. exf6 Qxf6 12. g3 Nxc5 13. O-O-O Rd8 14. Qf2 d4 15. Nb5 e5 16. Ng5 Rf8 17. Bc4+ Kh8 18. Qe2 Bf5 19. h4 Rac8 20. g4 Bd7 21. f5 a6 22. Na3 b5 23. Bd3 Nb4 24. Kb1 Bc6 25. Rhe1 Rfe8 26. Bc4 Nd5 27. Bxd5 Bxd5 28. c3 d3 29. Rxd3 Nxd3 30. Qxd3 Rcd8 31. Qg3 h6 32. Nh3 Qf7 33. Nc2 Bxa2+ 34. Kc1 Qd5 35. Qe3 Bb3 36. Nf2 Qc4 37. f6 Qf4 38. Qxf4 exf4 39. Rxe8+ Rxe8 40. Nd4 Bd5 41. fxg7+ Kxg7 42. Kd2 Bc4 43. Nh3 Re4 44. Nf2 Re8 45. Nh3 Be6 46. Nf2 Kf6 47. Ne4+ Ke5 48. Nf2 Bc4 49. b3 Bf1 50. g5 hxg5 51. hxg5 Kd6 52. Ng4 Rg8 53. Nf6 Rg6 54. Ne4+ Ke5 55. Nf2 Kd5 56. Ke1 Bg2 57. Nd3 Ke4 58. Nf2+ Kd5 59. Nd3 Rxg5 60. Nxf4+ Ke4 61. Nfe6 Re5 62. Kd2 a5 63. Nc7 Bf1 64. Nc2 a4 65. b4 Rh5 66. Ne6 Bc4 67. Nc5+ Kf4 68. Na3 Rh2+ 69. Kc1 Bf1 1/2-1/2

[Event "Ubeda op 5th"]
[Site "Ubeda"]
[Date "2000.01.22"]
[Round "4"]
[White "Arizmendi Martinez, Julen Luis"]
[Black "Hovhanisian, Mher"]
[Result "1-0"]
[WhiteElo "2445"]
[BlackElo "2361"]
[PlyCount "69"]
[EventDate "2000.01.19"]
[Source "ChessBase"]
[SourceDate "2000.04.05"]

1. e4 e6 2. d4 d5 3. Nc3 Nf6 4. Bg5 Be7 5. e5 Nfd7 6. Bxe7 Qxe7 7. Qd2 a6 8. f4 c5 9. Nf3 Nc6 10. dxc5 Nxc5 11. Bd3 O-O 12. O-O f5 13. exf6 Qxf6 14. g3 Bd7 15. Rae1 h6 16. Ne5 Be8 17. Rf2 Rc8 18. Bf1 Nxe5 19. Rxe5 Nd7 20. Re1 Bg6 21. Bh3 Nc5 22. f5 d4 23. Nd5 exd5 24. fxg6 Qxf2+ 25. Qxf2 Rxf2 26. Bxc8 Rf8 27. Bh3 d3 28. b4 d2 29. Rd1 Ne4 30. Be6+ Kh8 31. Bxd5 Nd6 32. Rxd2 Rf6 33. c4 Rxg6 34. c5 Nf5 35. Be4 1-0

[Event "IEWCC"]
[Site "Istanbul"]
[Date "2003.06.14"]
[Round "11"]
[White "Zimina, Olga"]
[Black "Zhukova, Natalia"]
[Result "0-1"]
[WhiteElo "2358"]
[BlackElo "2448"]
[PlyCount "100"]
[EventDate "2003.06.02"]
[Source "Roberto Alvarez"]
[SourceDate "2003.06.23"]

1. e4 e6 2. d4 d5 3. Nc3 Nf6 4. Bg5 Be7 5. e5 Nfd7 6. Bxe7 Qxe7 7. Qd2 a6 8. Nd1 c5 9. c3 Nc6 10. Nf3 f6 11. exf6 Nxf6 12. Bd3 e5 13. dxe5 Nxe5 14. Nxe5 Qxe5+ 15. Qe2 Qxe2+ 16. Bxe2 Be6 17. O-O O-O-O 18. Ne3 d4 19. cxd4 cxd4 20. Bc4 Rhe8 21. Bxe6+ Rxe6 22. Rac1+ Kb8 23. Nc4 Re2 24. Rfe1 d3 25. Kf1 Rc8 26. Rxe2 dxe2+ 27. Kxe2 b5 28. Kd3 bxc4+ 29. Rxc4 Rxc4 30. Kxc4 Kc7 31. Kc5 Ne4+ 32. Kd5 Nxf2 33. Ke6 Ng4 34. h3 Ne3 35. g4 g6 36. Kf6 Kd6 37. Kg5 Ke5 38. Kh6 Kf4 39. b4 Nc2 40. Kxh7 g5 41. Kh6 Nxb4 42. a3 Nc2 43. a4 Nd4 44. Kg6 Nf3 45. Kf6 Kg3 46. a5 Kxh3 47. Kf5 Kg3 48. Ke4 Kxg4 49. Kd5 Kf4 50. Kc5 Nd2 0-1

[Event "Bundesliga 9192"]
[Site "Germany"]
[Date "1992.??.??"]
[Round "?"]
[White "Maus, Soenke"]
[Black "Heyken, Enno"]
[Result "0-1"]
[WhiteElo "2385"]
[BlackElo "2420"]
[PlyCount "96"]
[EventDate "1991.10.??"]
[Source "ChessBase"]
[SourceDate "1999.07.01"]

1. e4 e6 2. d4 d5 3. Nc3 Nf6 4. Bg5 Be7 5. e5 Nfd7 6. Bxe7 Qxe7 7. Qd2 b6 8. f4 a6 9. Nf3 c5 10. g3 Nc6 11. h4 Bb7 12. h5 O-O-O 13. O-O-O Kb8 14. Kb1 Rc8 15. dxc5 bxc5 16. h6 Rcg8 17. Ng5 gxh6 18. Rxh6 Ncxe5 19. Rxh7 Rxh7 20. Nxh7 Nf3 21. Qf2 Nd4 22. Ng5 f6 23. Nh3 Qg7 24. Ne2 Nf5 25. Rd3 c4 26. Ra3 Qe7 27. Nhg1 Nc5 28. Bh3 d4 29. Bxf5 exf5 30. Nxd4 Rd8 31. Nge2 Ne4 32. Qe1 c3 33. Qc1 Nd2+ 34. Ka1 Rxd4 35. Nxd4 cxb2+ 36. Kxb2 Qb4+ 37. Ka1 Qxd4+ 38. c3 Qd3 39. Ra4 Ne4 40. Rd4 Qxg3 41. c4 Qf2 42. Rd7 Nc5 43. Rd8+ Kc7 44. Rd2 Qf3 45. Qg1 Qc3+ 46. Rb2 Kd6 47. Qg8 Qc1+ 48. Rb1 Nb3+ 0-1

[Event "Malmo Schacknytt"]
[Site "Malmo SWE"]
[Date "1979.12.05"]
[Round "9"]
[White "Wedberg, Tom"]
[Black "Hoi, Carsten"]
[Result "1/2-1/2"]
[WhiteElo "2425"]
[BlackElo "2355"]
[PlyCount "67"]
[EventDate "1979.11.26"]
[Source "www.chesslib.no"]
[SourceDate "2004.05.04"]

1. e4 e6 2. d4 d5 3. Nc3 Nf6 4. Bg5 Be7 5. e5 Nfd7 6. Bxe7 Qxe7 7. Qd2 O-O 8. O-O-O c5 9. f4 cxd4 10. Nb5 Nc6 11. Nxd4 f5 12. exf6 Qxf6 13. Nge2 e5 14. fxe5 Ndxe5 15. Nc3 Bg4 16. Be2 Bxe2 17. Ndxe2 d4 18. Nxd4 Rad8 19. Qe3 Nxd4 20. Rxd4 Rxd4 21. Qxd4 Qg5+ 22. Kb1 Qxg2 23. Rd1 Qxh2 24. Qd5+ Kh8 25. Qxb7 Qf2 26. a4 h6 27. Qc7 Ng4 28. Rd7 Ne3 29. Nd5 Qe1+ 30. Ka2 Qb4 31. Nc3 Rg8 32. Qxa7 Nxc2 33. Qb7 Qc4+ 34. Qb3 1/2-1/2

[Event "WYb18"]
[Site "Kemer TUR"]
[Date "2007.11.25"]
[Round "8"]
[White "Lintchevski, D."]
[Black "Kasyan, A."]
[Result "1/2-1/2"]
[WhiteElo "2445"]
[BlackElo "2318"]
[PlyCount "122"]
[EventDate "2007.11.18"]
[Source "www.chesslib.no"]
[SourceDate "2004.05.04"]

1. e4 e6 2. d4 d5 3. Nc3 Nf6 4. Bg5 Be7 5. e5 Nfd7 6. Bxe7 Qxe7 7. Qd2 a6 8. Nd1 c5 9. c3 Nc6 10. f4 cxd4 11. cxd4 Nb6 12. Ne3 Bd7 13. Nf3 Rc8 14. a3 Na7 15. Bd3 O-O 16. O-O f5 17. exf6 Qxf6 18. Ne5 Bb5 19. Bxb5 Nxb5 20. f5 Nd6 21. Qb4 Nbc4 22. N3g4 Qe7 23. fxe6 Qxe6 24. b3 Rxf1+ 25. Rxf1 a5 26. Qe1 Nxa3 27. Qxa5 Nc2 28. Qb6 Qe7 29. Qa5 Qe6 30. Qb6 Qe7 31. Nf3 Qc7 32. Qxc7 Rxc7 33. Rc1 Rc3 34. Nge5 Nxd4 35. Rd1 Nxf3+ 36. gxf3 Rc5 37. b4 Rb5 38. Kf2 Nf5 39. Rc1 h6 40. Rc8+ Kh7 41. Nd3 Kg6 42. Rf8 d4 43. f4 Ne3 44. Kf3 Nd5 45. Ke4 Nxb4 46. Ne5+ Kh7 47. Kxd4 Nc2+ 48. Kd3 Ne1+ 49. Ke4 Rb4+ 50. Kd5 Ng2 51. Nd3 Rb6 52. Ke4 Re6+ 53. Ne5 Rf6 54. Rb8 Rxf4+ 55. Kd3 Rh4 56. Rxb7 Rxh2 57. Ke4 Nh4 58. Nd7 h5 59. Nf6+ Kh6 60. Nxh5 Re2+ 61. Kd3 Re5 1/2-1/2

[Event "It"]
[Site "Sharjah"]
[Date "2003.09.02"]
[Round "8"]
[White "Bakre, Tejas"]
[Black "Hassan, Abdul"]
[Result "0-1"]
[WhiteElo "2434"]
[BlackElo "2321"]
[PlyCount "54"]
[EventDate "2003.08.27"]
[Source "Roberto Alvarez"]
[SourceDate "2003.09.22"]

1. e4 e6 2. d4 d5 3. Nc3 Nf6 4. Bg5 Be7 5. e5 Nfd7 6. Bxe7 Qxe7 7. Qd2 O-O 8. f4 c5 9. Nf3 Nc6 10. dxc5 Nxc5 11. O-O-O a6 12. Nd4 Bd7 13. g3 b5 14. Bg2 Nxd4 15. Qxd4 b4 16. Ne2 Bb5 17. Rhe1 Rfc8 18. Kb1 Na4 19. Rd2 Bxe2 20. Rdxe2 Nc3+ 21. bxc3 bxc3 22. Kc1 Rab8 23. Re3 Rc4 24. Qxc3 Rxc3 25. Rxc3 Qb4 26. Rce3 d4 27. R3e2 d3 0-1

[Event "Gladsaxe"]
[Site "Gladsaxe"]
[Date "1979.??.??"]
[Round "9"]
[White "Wedberg, Tom"]
[Black "Fries Nielsen, Jens Ove"]
[Result "1-0"]
[WhiteElo "2425"]
[BlackElo "2310"]
[PlyCount "69"]
[EventDate "1979.??.??"]
[Source "ChessBase"]

1. e4 e6 2. d4 d5 3. Nc3 Nf6 4. Bg5 Be7 5. e5 Nfd7 6. Bxe7 Qxe7 7. Qd2 a6 8. f4 c5 9. Nf3 Nc6 10. dxc5 Nxc5 11. O-O-O b5 12. Bd3 b4 13. Ne2 b3 14. a3 bxc2 15. Bxc2 a5 16. f5 Ba6 17. Ned4 Nxd4 18. Qxd4 exf5 19. Qxd5 O-O 20. Qd6 Qa7 21. Bxf5 Rab8 22. Kb1 Na4 23. Rd2 Qe3 24. Rc1 Qb3 25. Qxa6 Nxb2 26. Nd4 Qe3 27. Rxb2 Qxd4 28. Qe2 Qa4 29. Ka2 Rxb2+ 30. Qxb2 Qf4 31. g4 g6 32. Bd7 Rd8 33. e6 fxe6 34. Bxe6+ Kf8 35. Bc4 1-0

[Event "Abierto Mexicano de Ajedrez 2008"]
[Site "Aguascalientes"]
[Date "2008.03.22"]
[Round "8"]
[White "Gonzalez Mata, Jesus"]
[Black "Borges Mateos, Juan"]
[Result "1/2-1/2"]
[WhiteElo "2282"]
[BlackElo "2448"]
[PlyCount "79"]
[EventDate "2008.03.18"]
[Source "www.chesslib.no"]
[SourceDate "2004.05.04"]

1. e4 e6 2. d4 d5 3. Nc3 Nf6 4. Bg5 Be7 5. e5 Nfd7 6. Bxe7 Qxe7 7. Qd2 a6 8. f4 c5 9. Nf3 Nc6 10. dxc5 Nxc5 11. Bd3 O-O 12. O-O f5 13. exf6 Qxf6 14. g3 Bd7 15. Rae1 Rae8 16. Qf2 b6 17. a3 h6 18. Qd2 Rc8 19. Ne5 Nxe5 20. Rxe5 Be8 21. Rfe1 Bf7 22. Nd1 Kh8 23. b4 Nd7 24. R5e2 b5 25. Qe3 Rc7 26. Nf2 Bh5 27. g4 Be8 28. Qxe6 Qxf4 29. Qxd5 Nf6 30. Qe5 Qxe5 31. Rxe5 Bf7 32. R1e3 Bg8 33. Bf5 Bh7 34. Bxh7 Kxh7 35. Rc5 Rxc5 36. bxc5 Rc8 37. Nd3 Nd7 38. Re6 Nxc5 39. Nxc5 Rxc5 40. Rxa6 1/2-1/2

[Event "POR-chT1"]
[Site "?"]
[Date "2003.??.??"]
[Round "1.1"]
[White "Moreno Carnero Javier"]
[Black "Blalock Rex"]
[Result "1-0"]
[WhiteElo "2512"]
[BlackElo "2214"]
[PlyCount "87"]
[EventDate "2003.??.??"]
[Source "www.chesslib.no"]
[SourceDate "2004.05.04"]

1. e4 e6 2. d4 d5 3. Nc3 Nf6 4. Bg5 Be7 5. e5 Nfd7 6. Bxe7 Qxe7 7. Qd2 O-O 8. f4 c5 9. Nb5 Nc6 10. c3 f6 11. O-O-O a6 12. Nd6 b5 13. Nf3 Rb8 14. Kb1 c4 15. Ka1 b4 16. cxb4 Nxb4 17. Rc1 a5 18. a3 Nc6 19. Be2 Ba6 20. Bd1 Nb6 21. Bc2 fxe5 22. dxe5 Nc8 23. Bxh7+ Kxh7 24. Ng5+ Kh8 25. Qc2 g6 26. Qxg6 Nxd6 27. Rc3 Rb3 28. Qh6+ Kg8 29. exd6 Qg7 30. Qxe6+ Kh8 31. Qh3+ Kg8 32. Ne6 Rxc3 33. bxc3 Bc8 34. f5 Qf6 35. Nxf8 Kxf8 36. g4 Kg8 37. Re1 Bd7 38. Qe3 d4 39. cxd4 Nxd4 40. Qe7 Nb3+ 41. Ka2 Qc3 42. Qd8+ Kg7 43. Re7+ Kh6 44. Qf8+ 1-0

[Event "Golden Cleopatra op 3rd"]
[Site "Cairo"]
[Date "1999.04.18"]
[Round "8"]
[White "Himdan, Maher"]
[Black "Abdul Wahab, A Rasheed"]
[Result "0-1"]
[WhiteElo "2395"]
[BlackElo "2326"]
[PlyCount "38"]
[EventDate "1999.04.11"]
[Source "ChessBase"]
[SourceDate "1999.05.10"]

1. e4 e6 2. d4 d5 3. Nc3 Nf6 4. Bg5 Be7 5. e5 Nfd7 6. Bxe7 Qxe7 7. Qd2 O-O 8. f4 c5 9. Nf3 cxd4 10. Nxd4 f6 11. exf6 Qxf6 12. g3 Nc6 13. O-O-O Nc5 14. Qe3 Nxd4 15. Qxd4 b6 16. Bg2 Bb7 17. Rhe1 Rac8 18. Nb5 Qg6 19. Qe5 Nd3+ 0-1